| 000 | 00397cam a22001337a 4500 | ||
|---|---|---|---|
| 008 | 180718b1970 xxu||||| |||| 00| 0 eng d | ||
| 082 | _aK615 C333 | ||
| 100 | _aGanguly, O.N. | ||
| 245 |
_aStudies on absence from work _cby O.N. Ganguly, J.B. Bartlett and R.G. Kasbekar |
||
| 260 |
_aBombay _bCentral Labour Institute _c1970 |
||
| 300 | _a62p. | ||
| 700 | _aKasbekar, R.G. | ||
| 700 | _aBartlett, J.B | ||
| 999 |
_c500096 _d500096 |
||